Normal view
MARC view
Entry Topical Term
001 - CONTROL NUMBER
- control field: 3394
003 - CONTROL NUMBER IDENTIFIER
- control field: BD-RjUL
005 - DATE AND TIME OF LATEST TRANSACTION
- control field: 20220602154102.0
008 - FIXED-LENGTH DATA ELEMENTS
- fixed length control field: 220602|| aca||aabn | a|a d
040 ## - CATALOGING SOURCE
- Original cataloging agency: BD-RjUL
- Transcribing agency: BD-RjUL
150 ## - HEADING--TOPICAL TERM
- Topical term or geographic name entry element: Islam
- Form subdivision: Education
- General subdivision: Philosophy
670 ## - SOURCE DATA FOUND
- Source citation: Work cat.: (BD-RjUL)79903: [al alwani, Taha Jabir Fayyad ] العلواني، طه جابر فياض 1935- 3391, الأزمة الفكرية المعاصرة : تشخيص و مقترحات علاج [al azmah al fikriyah al mu'asira : tashkhis wa muqtarahat ilaj /, 1994